The noble scholar, jurist, historian


 His Excellency Dr. Abdul Wahhab bin Ibrahim Abu Sulaiman, may Allah have mercy on him.


 He was born in Umm Al-Qura in the year 1356 AH.

كتاب الفرج بعد الشدة / (Record no. 10017)

MARC details
000 -LEADER
fixed length control field 04244cam a22004211i 4500
003 - CONTROL NUMBER IDENTIFIER
control field SA-RiAUC
005 - DATE AND TIME OF LATEST TRANSACTION
control field 20250717092436.0
008 - FIXED-LENGTH DATA ELEMENTS--GENERAL INFORMATION
fixed length control field 250717s1978 le g 0000m ara c
040 ## - CATALOGING SOURCE
Original cataloging agency SA-RiAUC
Language of cataloging ara
Transcribing agency SA-RiAUC
Description conventions rda
050 #4 - LIBRARY OF CONGRESS CALL NUMBER
Item number .Q23 1978
082 04 - DEWEY DECIMAL CLASSIFICATION NUMBER
Classification number 267.6
Assigning agency SA-RiAUC
090 ## - LOCALLY ASSIGNED LC-TYPE CALL NUMBER (OCLC); LOCAL CALL NUMBER (RLIN)
Classification number (OCLC) (R) ; Classification number, CALL (RLIN) (NR) 267.6
Local cutter number (OCLC) ; Book number/undivided call number, CALL (RLIN) ق ا ض
100 1# - MAIN ENTRY--PERSONAL NAME
Personal name القاضي التنوخي، المحسن بن علي بن محمد،
Dates associated with a name 237-384 هجري
Relator term مؤلف.
245 10 - TITLE STATEMENT
Title كتاب الفرج بعد الشدة /
Statement of responsibility, etc. تأليف القاضي أبي علي المحسن التنوخي ؛ تحقيق عبود الشالجي.
246 30 - VARYING FORM OF TITLE
Title proper/short title الفرج بعد الشدة
246 34 - VARYING FORM OF TITLE
Title proper/short title Alfaraj bad al-shiddah
250 ## - EDITION STATEMENT
Edition statement الطبعة الأولى.
264 #1 - PRODUCTION, PUBLICATION, DISTRIBUTION, MANUFACTURE, AND COPYRIGHT NOTICE
Place of production, publication, distribution, manufacture بيروت :
Name of producer, publisher, distributor, manufacturer دار صادر،
Date of production, publication, distribution, manufacture, or copyright notice 1978
300 ## - PHYSICAL DESCRIPTION
Extent 5 مجلد ؛
Dimensions 25 سم
336 ## - CONTENT TYPE
Content type term نص
Content type code txt
Source rdacontent
Materials specified كتاب
337 ## - MEDIA TYPE
Media type term بدون وسيط
Media type code n
Source rdamedia
338 ## - CARRIER TYPE
Carrier type term مجلد
Carrier type code nc
Source rdacarrier
500 ## - GENERAL NOTE
General note كشافات : مجلد 5 : صفحة 107-289.
504 ## - BIBLIOGRAPHY, ETC. NOTE
Bibliography, etc. note ببليوجرافية : مجلد 5 : صفحة 290-303.
650 #7 - SUBJECT ADDED ENTRY--TOPICAL TERM
Topical term or geographic name entry element الفرج (تصوف إسلامي)
Source of heading or term aucsh
650 #7 - SUBJECT ADDED ENTRY--TOPICAL TERM
Topical term or geographic name entry element الصبر (تصوف إسلامي)
Source of heading or term aucsh
650 #7 - SUBJECT ADDED ENTRY--TOPICAL TERM
Topical term or geographic name entry element التصوف الإسلامي
Source of heading or term aucsh
650 #7 - SUBJECT ADDED ENTRY--TOPICAL TERM
Topical term or geographic name entry element الأخلاق الإسلامية
Source of heading or term aucsh
650 #7 - SUBJECT ADDED ENTRY--TOPICAL TERM
Topical term or geographic name entry element الوعظ والإرشاد
Source of heading or term aucsh
700 1# - ADDED ENTRY--PERSONAL NAME
Personal name الشالجي، عبود،
Dates associated with a name 1911-1996
Relator term محقق.
700 12 - ADDED ENTRY--PERSONAL NAME
Relationship information تحقيق لـ :
Personal name القاضي التنوخي، المحسن بن علي بن محمد،
Dates associated with a name 237-384 هجري.
Title of a work الفرج بعد الشدة
856 ## - ELECTRONIC LOCATION AND ACCESS
Uniform Resource Identifier <a href="http://www.alwaraq.net/Core/AlwaraqSrv/bookpage?book=275&amp;option=1&fkey=2&page=1">http://www.alwaraq.net/Core/AlwaraqSrv/bookpage?book=275&amp;option=1&fkey=2&page=1</a>
Link text Digital Copy
Access method نرجو الانتباه لإمكانية وجود اختلاف في الطبعة أو الناشر بين البيانات على البوابة وما ستجده على الكتاب نظرا لمحدودية المعلومات المتاحة على الموقع الناشر للمادة.
Materials specified Please note that there may be a difference in the edition or publisher between the data on the portal and the book due to the limited information available on the publisher website for the material.
856 ## - ELECTRONIC LOCATION AND ACCESS
Uniform Resource Identifier <a href="http://www.alwaraq.net/Core/waraq/coverpage?bookid=275&amp;option=1">http://www.alwaraq.net/Core/waraq/coverpage?bookid=275&amp;option=1</a>
Link text External Link
Access method نرجو الانتباه لإمكانية وجود اختلاف في الطبعة أو الناشر بين البيانات على البوابة وما ستجده على الكتاب نظرا لمحدودية المعلومات المتاحة على الموقع الناشر للمادة.
Materials specified Please note that there may be a difference in the edition or publisher between the data on the portal and the book due to the limited information available on the publisher website for the material.
856 ## - ELECTRONIC LOCATION AND ACCESS
Uniform Resource Identifier <a href="http://dlib.nyu.edu/aco/book/columbia_aco002927/1?lang=ar">http://dlib.nyu.edu/aco/book/columbia_aco002927/1?lang=ar</a>
Link text Digital Copy
Access method نرجو الانتباه لإمكانية وجود اختلاف في الطبعة أو الناشر بين البيانات على البوابة وما ستجده على الكتاب نظرا لمحدودية المعلومات المتاحة على الموقع الناشر للمادة.
Materials specified Please note that there may be a difference in the edition or publisher between the data on the portal and the book due to the limited information available on the publisher website for the material.
856 ## - ELECTRONIC LOCATION AND ACCESS
Uniform Resource Identifier <a href="http://dl-img.home.nyu.edu/adore-djatoka/resolver?url_ver=Z39.88-2004&svc_id=info%3Alanl-repo/svc/getRegion&svc_val_fmt=info%3Aofi/fmt%3Akev%3Amtx%3Ajpeg2000&svc.format=image/jpeg&rft_id=http%3A//dlib.nyu.edu/files/books/columbia_aco002927/columbia_aco002927_n000001_d.jp2&svc.scale=230 ">http://dl-img.home.nyu.edu/adore-djatoka/resolver?url_ver=Z39.88-2004&svc_id=info%3Alanl-repo/svc/getRegion&svc_val_fmt=info%3Aofi/fmt%3Akev%3Amtx%3Ajpeg2000&svc.format=image/jpeg&rft_id=http%3A//dlib.nyu.edu/files/books/columbia_aco002927/columbia_aco002927_n000001_d.jp2&svc.scale=230 </a>
Link text CoverImage
Access method نرجو الانتباه لإمكانية وجود اختلاف في الطبعة أو الناشر بين البيانات على البوابة وما ستجده على الكتاب نظرا لمحدودية المعلومات المتاحة على الموقع الناشر للمادة.
Materials specified Please note that there may be a difference in the edition or publisher between the data on the portal and the book due to the limited information available on the publisher website for the material.
942 ## - ADDED ENTRY ELEMENTS (KOHA)
Source of classification or shelving scheme Dewey Decimal Classification
Koha item type Books
Suppress in OPAC No
949 ## - LOCAL PROCESSING INFORMATION (OCLC)
a SA-JeALM
d 250717
u eid123
n 1
Holdings
Withdrawn status Lost status Source of classification or shelving scheme Materials specified (bound volume or other part) Damaged status Not for loan Home library Current library Date acquired Total checkouts Full call number Barcode Date last seen Price effective from Koha item type
    Dewey Decimal Classification الجزء الثاني     DR AbdElwahab Library DR AbdElwahab Library 07/17/2025   267.6 ق ا ض 000016253 07/17/2025 07/17/2025 Books
    Dewey Decimal Classification الجزء الثالث     DR AbdElwahab Library DR AbdElwahab Library 07/17/2025   267.6 ق ا ض 000016254 07/17/2025 07/17/2025 Books
    Dewey Decimal Classification الجزء الرابع     DR AbdElwahab Library DR AbdElwahab Library 07/17/2025   267.6 ق ا ض 000016255 07/17/2025 07/17/2025 Books
    Dewey Decimal Classification الجزء الخامس     DR AbdElwahab Library DR AbdElwahab Library 07/17/2025   267.6 ق ا ض 000016256 07/17/2025 07/17/2025 Books